| 000 | 01052cpmaa2200277 a 4500 | ||
|---|---|---|---|
| 001 | mm 79001687 | ||
| 003 | DLC | ||
| 005 | 20260227111637.0 | ||
| 008 | 791105|||||||||||| dut | ||
| 010 | _amm 79001687 | ||
| 040 |
_aDLC _cDLC _edacs _dDLC |
||
| 041 | _adut | ||
| 072 | 7 |
_aC _2lcmd |
|
| 100 | 1 | _aSchaghen, P. | |
| 245 | 0 | 0 |
_aDescriptive account written by P. Schaghen, _f1626 November 7. |
| 300 |
_a1 _fitem. |
||
| 506 | 0 | _aOpen to research. | |
| 520 | 8 | _aAccount of the arrival of ships and weapons to New Amsterdam (New York, N.Y.). | |
| 533 |
_aPositive photocopy of facsimile. _b[S.l.]. |
||
| 546 | _aCollection material in Dutch. | ||
| 580 | _aForms part of: Miscellaneous Manuscripts collection. | ||
| 651 | 0 |
_aNetherlands _xColonies _zAmerica. |
|
| 651 | 0 |
_aNew York (N.Y.) _xHistory _yColonial period, ca. 1600-1775. |
|
| 999 |
_c40859 _d40859 |
||